书目信息 |
| 题名: |
海洋矿产资源
|
|
| 作者: | 张成 , 姜涛 , 解习农 , 吕万军 编著 | |
| 分册: | ||
| 出版信息: | 武汉 中国地质大学出版社 2019.12 |
|
| 页数: | 290页 | |
| 开本: | 26cm | |
| 丛书名: | ||
| 单 册: | ||
| 中图分类: | P744 | |
| 科图分类: | ||
| 主题词: | 海洋开发 , 海洋资源 , 海洋资源--海洋开发 | |
| 电子资源: | ||
| ISBN: | 7-5625-4728-9 | |
| 000 | 00802nam0 2200253 450 | |
| 001 | 2355413800 | |
| 005 | 20230216152513.88 | |
| 010 | @a7-5625-4728-9@dCNY36.00 | |
| 100 | @a20230216d2019 km y0chiy0120 ea | |
| 101 | 0 | @achi |
| 102 | @aCN@b420000 | |
| 200 | 1 | @a海洋矿产资源@AHai Yang Kuang Chan Zi Yuan@f张成,姜涛,解习农,吕万军编著@FZhang Cheng,Jiang Tao,Jie Xi Nong,Lu Wan Jun Bian Zhu |
| 210 | @a武汉@c中国地质大学出版社@d2019.12 | |
| 215 | @a290页@d26cm | |
| 606 | 0 | @a海洋开发 |
| 606 | 0 | @a海洋资源 |
| 606 | 0 | @a海洋资源@x海洋开发 |
| 690 | @aP744@v4 | |
| 701 | 0 | @a张成@AZhang Cheng@4编著 |
| 701 | 0 | @a姜涛@AJiang Tao@4编著 |
| 701 | 0 | @a解习农@AJie Xi Nong@4编著 |
| 701 | 0 | @a吕万军@ALu Wan Jun@4编著 |
| 801 | 0 | @aCN@b大连网信软件有限公司图书馆·11@c20230216 |
| 905 | @aZUCC@dP744@e137 | |
| 海洋矿产资源/张成,姜涛,解习农,吕万军编著.-武汉:中国地质大学出版社,2019.12 |
| 290页;26cm |
| ISBN 7-5625-4728-9:CNY36.00 |
| ● |
| 相关链接 |
|
|
|
|
正题名:海洋矿产资源
索取号:P744/137
 
预约/预借
| 序号 | 登录号 | 条形码 | 馆藏地/架位号 | 状态 | 备注 |
| 1 | 1052732 | 210527321 | 第二样本阅览室/ [索取号:P744/137] | 在馆 |